Diseases of tropical Pasture plants (Record no. 8761)

MARC details
000 -LEADER
fixed length control field 00504nam a22001937a 4500
003 - CONTROL NUMBER IDENTIFIER
control field OSt
005 - DATE AND TIME OF LATEST TRANSACTION
control field 20240624153030.0
008 - FIXED-LENGTH DATA ELEMENTS--GENERAL INFORMATION
fixed length control field 240624b |||||||| |||| 00| 0 eng d
020 ## - INTERNATIONAL STANDARD BOOK NUMBER
International Standard Book Number 0851989179
040 ## - CATALOGING SOURCE
Transcribing agency MUST
082 ## - DEWEY DECIMAL CLASSIFICATION NUMBER
Classification number 632 DIS 1994
100 ## - MAIN ENTRY--PERSONAL NAME
Relator code Lenne, J M 1994
245 ## - TITLE STATEMENT
Title Diseases of tropical Pasture plants
260 ## - PUBLICATION, DISTRIBUTION, ETC. (IMPRINT)
Place of publication, distribution, etc. Colombia
Name of publisher, distributor, etc. : Cab International
Date of publication, distribution, etc. , c 1994
300 ## - PHYSICAL DESCRIPTION
Extent xvi,404p.
Other physical details : ill
Dimensions ; 23 cm
504 ## - BIBLIOGRAPHY, ETC. NOTE
Bibliography, etc includes index<br/>
700 ## - ADDED ENTRY--PERSONAL NAME
Relator code Trutmann, Peter
942 ## - ADDED ENTRY ELEMENTS (KOHA)
Source of classification or shelving scheme Dewey Decimal Classification
Koha item type Open Shelf
Holdings
Withdrawn status Lost status Source of classification or shelving scheme Damaged status Not for loan Home library Current library Source of acquisition Inventory number Total Checkouts Full call number Barcode Date last seen Koha item type
    Dewey Decimal Classification     MUST Main Library MUST Main Library Donation 03/18090   632 DIS 1994 2024-21129 24/06/2024 Open Shelf
    Dewey Decimal Classification     MUST Main Library MUST Main Library Donation 03/18089   632 DIS 1994 2024-22536 29/10/2024 Open Shelf
    Dewey Decimal Classification     MUST Main Library MUST Main Library Donation 03/18088   632 DIS 1994 2024-22537 29/10/2024 Open Shelf